000 00507nam a2200205Ia 4500
005 20250923144743.0
008 008 250917s9999 xx 000 0 eng d
037 _aTextual
040 _aDSWL
_beng
_cDSWL
041 _aeng
_2eng
084 _qDSWL
100 _aBloch, Mare
_9828052
245 0 _aFedual society
_cby Mare Bloch
260 _aLondon
_b&Kegan Paul
_c1961
300 _axxi,498p.
365 _aINR
_b50
925 _g50
942 _cTEXL
999 _c1442927
_d1442927